Dante's Inferno : moral lessons from hell /

Bibliographic Details
Main Author: Belliotti, Raymond A., 1948- (Author)
Format: Book
Language:English
Published: New York : Palgrave Macmillan, [2020].
Subjects:

MARC

Tag First Indicator Second Indicator Subfields
LEADER 00000cam a2200000Ii 4500
001 in00004168921
005 20200710151402.0
008 200120t20202020nyu b 001 0 eng d
035 |a (OCoLC)on1136968592 
040 |a YDX  |e rda  |c YDX  |d COO  |d BWK 
020 |a 3030407705  |q hardcover 
020 |a 9783030407704  |q hardcover 
050 4 |a PQ4443  |b .B45 2020 
082 0 |a 851/.109  |2 23 
049 |a TXAM 
100 1 |a Belliotti, Raymond A.,  |d 1948-  |e author. 
245 1 0 |a Dante's Inferno :  |b moral lessons from hell /  |c Raymond Angelo Belliotti. 
264 1 |a New York :  |b Palgrave Macmillan,  |c [2020]. 
264 4 |c ©2020. 
300 |a xx, 293 pages ;  |c 22 cm. 
336 |a text  |b txt  |2 rdacontent 
337 |a unmediated  |b n  |2 rdamedia 
338 |a volume  |b nc  |2 rdacarrier 
504 |a Includes bibliographical references (pages 267-281) and index. 
600 0 0 |a Dante Alighieri,  |d 1265-1321.  |t Divina commedia. 
600 0 0 |a Dante Alighieri,  |d 1265-1321  |x Criticism and interpretation. 
945 |b 483097 
947 |a A14850794380 
948 |a cataloged  |b h  |c 2020/7/10  |d c  |e dmitchel  |f 3:10:20 pm 
994 |a 92  |b TXA 
999 f f |s 4982f41e-220c-364a-95d1-7980a94361a3  |i 2e76be60-c17a-380c-b39f-cc608943bb5f  |t 0 
952 f f |p normal  |a Texas A&M University  |b College Station  |c Sterling C. Evans Library  |d Evans: Library Stacks  |t 0  |e PQ4443 .B45 2020  |h Library of Congress classification  |i unmediated -- volume  |m A14850794380 
998 f f |a PQ4443 .B45 2020  |t 0  |l Evans: Library Stacks